Giáo trình tài chính doanh nghiệp

Quyển sách giới thiệu khái quát vai trò của lĩnh vực tài chính trong lĩnh vực kinh doanh của một doanh nghiệp, thảo luận các vấn đề về thời giá của tiền tệ.

Gorde:
Xehetasun bibliografikoak
Egile nagusia: Trương, Diễm Kiều
Formatua: Liburua
Hizkuntza:Undetermined
Argitaratua: Cần Thơ Đại học Cần Thơ 2018
Gaiak:
Etiketak: Etiketa erantsi
Etiketarik gabe, Izan zaitez lehena erregistro honi etiketa jartzen!
Thư viện lưu trữ: Trung tâm Học liệu Trường Đại học Cần Thơ
LEADER 00860nam a2200205Ia 4500
001 CTU_229458
008 210402s9999 xx 000 0 und d
020 |c 45000 
082 |a 658.1511 
082 |b K309 
100 |a Trương, Diễm Kiều 
245 0 |a Giáo trình tài chính doanh nghiệp 
245 0 |c Trương Diễm Kiều (Chủ biên) 
260 |a Cần Thơ 
260 |b Đại học Cần Thơ 
260 |c 2018 
520 |a Quyển sách giới thiệu khái quát vai trò của lĩnh vực tài chính trong lĩnh vực kinh doanh của một doanh nghiệp, thảo luận các vấn đề về thời giá của tiền tệ. 
650 |a Doanh nghiệp kinh doanh,Business enterprises 
910 |b nthai 
980 |a Trung tâm Học liệu Trường Đại học Cần Thơ